<?xml version="1.0" encoding="UTF-8"?>
<record
    xmlns:xsi="http://www.w3.org/2001/XMLSchema-instance"
    xsi:schemaLocation="http://www.loc.gov/MARC21/slim http://www.loc.gov/standards/marcxml/schema/MARC21slim.xsd"
    xmlns="http://www.loc.gov/MARC21/slim">

  <leader>01499nab a2200265   4500</leader>
  <controlfield tag="003">AR-RoBPED</controlfield>
  <controlfield tag="005">20260318104045.0</controlfield>
  <controlfield tag="008">260318b        |||||||| |||| 00| 0 spa d</controlfield>
  <datafield tag="040" ind1=" " ind2=" ">
    <subfield code="a">AR-RoBPED</subfield>
  </datafield>
  <datafield tag="041" ind1=" " ind2=" ">
    <subfield code="a">spa</subfield>
  </datafield>
  <datafield tag="100" ind1="1" ind2=" ">
    <subfield code="a">Fuentealba Palavecino, Jenny C.</subfield>
    <subfield code="9">30634</subfield>
    <subfield code="e">Profesora en Matem&#xE1;tica</subfield>
  </datafield>
  <datafield tag="245" ind1="1" ind2=" ">
    <subfield code="a">Sin proporcionalidad, no hay dise&#xF1;o :</subfield>
    <subfield code="b">los desaf&#xED;os de ense&#xF1;ar matem&#xE1;tica aplicada en el nivel superior /</subfield>
  </datafield>
  <datafield tag="260" ind1=" " ind2=" ">
    <subfield code="a">Buenos Aires :</subfield>
    <subfield code="b">Noveduc,</subfield>
    <subfield code="c">2025</subfield>
  </datafield>
  <datafield tag="300" ind1=" " ind2=" ">
    <subfield code="a">9-15 p.</subfield>
  </datafield>
  <datafield tag="500" ind1=" " ind2=" ">
    <subfield code="a">En este trabajo se analiza la ense&#xF1;anza de la semejanza de figuras en la formaci&#xF3;n profesional del interiorismo en la Universidad Nacional de R&#xED;o Negro (UNRN), y se prepondera el razonamiento proporcional sobre la intuici&#xF3;n visual. los estudiantes aplican conceptos de escala, ampliaci&#xF3;n y porcentajes en problemas geom&#xE9;tricos. Se concluye que el estudio de la semejanza debe integrar estos conceptos y procedimientos matem&#xE1;ticos para aportar al razonamiento proporcional. </subfield>
  </datafield>
  <datafield tag="650" ind1=" " ind2="7">
    <subfield code="a">ENSE&#xD1;ANZA DE LAS MATEMATICAS</subfield>
    <subfield code="9">818</subfield>
  </datafield>
  <datafield tag="650" ind1=" " ind2="7">
    <subfield code="a">DISE&#xD1;O DE INTERIORES</subfield>
    <subfield code="9">6939</subfield>
  </datafield>
  <datafield tag="650" ind1=" " ind2="7">
    <subfield code="a">ESTUDIANTES</subfield>
    <subfield code="9">11380</subfield>
  </datafield>
  <datafield tag="650" ind1=" " ind2="0">
    <subfield code="a">NIVEL SUPERIOR</subfield>
    <subfield code="9">28977</subfield>
  </datafield>
  <datafield tag="700" ind1="1" ind2=" ">
    <subfield code="a">Llorens, Emiliana</subfield>
    <subfield code="9">25621</subfield>
    <subfield code="e">Profesora en Matem&#xE1;tica</subfield>
  </datafield>
  <datafield tag="700" ind1="1" ind2=" ">
    <subfield code="a">Garelik, Claudia E.</subfield>
    <subfield code="9">30635</subfield>
    <subfield code="e">Mag&#xED;ster en Matem&#xE1;tica</subfield>
  </datafield>
  <datafield tag="773" ind1="0" ind2=" ">
    <subfield code="0">20414</subfield>
    <subfield code="9">41863</subfield>
    <subfield code="d">Buenos Aires :  Noveduc,  1993-</subfield>
    <subfield code="t">Novedades Educativas</subfield>
    <subfield code="w">(AR-RoBPED)20414</subfield>
    <subfield code="x">03283534</subfield>
  </datafield>
  <datafield tag="942" ind1=" " ind2=" ">
    <subfield code="2">udc</subfield>
    <subfield code="c">REV</subfield>
    <subfield code="h">37(05)</subfield>
    <subfield code="m">Nov 86 N&#xB0; 403 (Ago.2025)</subfield>
    <subfield code="a">k.32447</subfield>
  </datafield>
  <datafield tag="945" ind1=" " ind2=" ">
    <subfield code="a">mar 03/2026</subfield>
  </datafield>
  <datafield tag="999" ind1=" " ind2=" ">
    <subfield code="c">32447</subfield>
    <subfield code="d">32447</subfield>
  </datafield>
</record>
